Гидробиологические процессы в водоемах : (Record no. 24901)
[ view plain ]
| 000 -LEADER | |
|---|---|
| fixed length control field | 00834nam a2200217 a 4500 |
| 001 - CONTROL NUMBER | |
| control field | 000080789 |
| 003 - CONTROL NUMBER IDENTIFIER | |
| control field | AM-YEHGA |
| 005 - DATE AND TIME OF LATEST TRANSACTION | |
| control field | 20250617121845.0 |
| 008 - FIXED-LENGTH DATA ELEMENTS--GENERAL INFORMATION | |
| fixed length control field | 030329s1983 ru || |||||||||||||rus|d |
| 040 ## - CATALOGING SOURCE | |
| Original cataloging agency | AM-YeHGA |
| 041 0# - LANGUAGE CODE | |
| Language code of text/sound track or separate title | rus |
| 090 ## - LOCALLY ASSIGNED LC-TYPE CALL NUMBER (OCLC); LOCAL CALL NUMBER (RLIN) | |
| -- | 25199 |
| 245 00 - TITLE STATEMENT | |
| Title | Гидробиологические процессы в водоемах : |
| Remainder of title | [Сборник статей] / |
| Statement of responsibility, etc. | АН СССР, Ин-т озероведения ; Под ред. И. М. Распопова, С. Гейны. |
| 246 15 - VARYING FORM OF TITLE | |
| Title proper/short title | Hydrobiological Processes in Water Bodies |
| 260 ## - PUBLICATION, DISTRIBUTION, ETC. | |
| Place of publication, distribution, etc. | Ленинград : |
| Name of publisher, distributor, etc. | Наука. Ленингр. отд-ние, |
| Date of publication, distribution, etc. | 1983. |
| 300 ## - PHYSICAL DESCRIPTION | |
| Extent | 245 с. ; |
| Dimensions | 22 см. |
| 500 ## - GENERAL NOTE | |
| General note | Рез. ст.: англ. |
| 650 14 - SUBJECT ADDED ENTRY--TOPICAL TERM | |
| Topical term or geographic name entry element | Водоемы |
| General subdivision | Гидробиология |
| 700 1# - ADDED ENTRY--PERSONAL NAME | |
| Personal name | Гейна, С. |
| Relator term | ред. |
| Relationship | edt |
| 942 ## - ADDED ENTRY ELEMENTS (KOHA) | |
| Source of classification or shelving scheme | Universal Decimal Classification |
| Koha item type | Գրքեր / Books |
| Withdrawn status | Lost status | Source of classification or shelving scheme | Damaged status | Not for loan | Collection | Home library | Current library | Date acquired | Total checkouts | Full call number | Barcode | Date last seen | Price effective from | Koha item type | Public note |
|---|---|---|---|---|---|---|---|---|---|---|---|---|---|---|---|
| Universal Decimal Classification | General | Fundamental Scientific Library | Fundamental Scientific Library | 21/12/2016 | PII/501187 | FL0233527 | 21/12/2016 | 21/12/2016 | Գրքեր / Books | 30 Days Loan | |||||
| Universal Decimal Classification | General | Fundamental Scientific Library | Fundamental Scientific Library | 21/12/2016 | PII/518374 | FL0199969 | 21/12/2016 | 21/12/2016 | Գրքեր / Books | 30 Days Loan |
ՀՀ Գիտությունների ազգային ակադեմիայի հիմնարար գիտական գրադարան = Fundamental Scientific Library of NAS RA
All site content, except where otherwise noted, is licensed under a